000 00672nam a2200241Ia 4500
003 OSt
005 20220925215011.0
006 a|||||r|||| 00| 0
007 ta
008 220923b |||||||| |||| 00| 0 eng d
020 _a0709923473
037 _cGeneral Book
040 _aRTL
_cRTL
_beng
041 _2eng
_aeng
082 _aX91:328.3.N7, M2
100 _aStorey D J
_9281629
245 0 _aEntrepreneurship and the new firm
260 _aLondon
_bGroom Helm
_c1982
300 _a233p. Bibliography p 219-29
_ccm.
650 _aIndustrial Economics
942 _hX91:328.3.N7, M2
_cGB
_2CC
999 _c567495
_d567495